Normal view
MARC view
- Bala.S.etal.
Entry Personal Name
001 - CONTROL NUMBER
- control field: 4527
003 - CONTROL NUMBER IDENTIFIER
- control field: OSt
005 - DATE AND TIME OF LATEST TRANSACTION
- control field: 20171127133126.0
008 - FIXED-LENGTH DATA ELEMENTS
- fixed length control field: 171127|| aca||aabn | a|a d
040 ## - CATALOGING SOURCE
- Original cataloging agency: OSt
- Transcribing agency: OSt
100 ## - HEADING--PERSONAL NAME
- Personal name: Bala.S.etal.
670 ## - SOURCE DATA FOUND
- Source citation: Work cat.: (OSt): Bala.S.etal., 99 Recipes for Healthy Living, 1988